Chevaux célèbres - Statistiques

Statistiques générales
  • Ce quiz a été pris 131 fois
  • Le résultat moyen est 5 sur 13
Statistiques - réponses
Par images Réponse % Correct
Petit Tonnerre
90%
Spirit
85%
Cheval de Troie
59%
Maximus
56%
Jappeloup
52%
Tornado
51%
Mistral
35%
Pegasus
28%
Pile Poil
28%
Applejack
26%
Angus
20%
Rain
9%
Buck
8%
Aucun quiz correspondant
Distribution des résultats
% des personnes avec chaque résultat
Percentile par nombre de réponses
Votre historique - résultats
Vous n’avez pas pris ce quiz